00308nam a2200121Ia 45000030006000000080041000060400015000471000024000622450043000862600028001295460012001570050017001690STCL150530s9999 xx 000 0 und d aSTCLcSTCL aBasu, K.; Nayak, P. aDevelopment policy and economic theory bOxford universityc1992 aEnglish20220125165527.0